00179nam a2200073Ia 4500082001200000245001200012100004000024008004100064 aAF MEYE 0aFeniks  a Meyer, Deon Kaapstad, 2008 210817s9999 xx 000 0 und d